000 00302pab a2200133 454500
008 180718b1991 xxu||||| |||| 00| 0 eng d
245 _aThe global context of democratisation
260 _c1991
300 _a119-74
362 _aSpring
650 _aDemocracy
773 _aAlternatives
909 _a7167
999 _c7167
_d7167